| 000 | 00737nam a2200217Ia 4500 | ||
|---|---|---|---|
| 005 | 20241129111223.0 | ||
| 008 | 241129s9999||||xx |||||||||||||| ||und|| | ||
| 020 | _a978-81-7880-895-6 | ||
| 037 | _aTB | ||
| 040 |
_aCRL _beng _cCRL |
||
| 041 |
_aeng _2eng |
||
| 084 |
_aQ7:21 R4 _qCRL |
||
| 100 |
_aLone Mohammad Ishaq Au.; Abdul Wahid Au.; Abdul Shakoor Au. _9723701 |
||
| 245 | 0 |
_aQuranic mkanuscripts: study revealing preservation status thorugh illustrations _cLone Mohammad Ishaq Au.; Abdul Wahid Au.; Abdul Shakoor Au. |
|
| 260 |
_aNew Delhi, India _bRajat Publication _c2024 |
||
| 300 | _aix,389p. | ||
| 365 |
_aINR _b2495 |
||
| 650 |
_aIslamReligion _9726305 |
||
| 942 |
_cTB _hQ7:21 R4 |
||
| 999 |
_c1229447 _d1229447 |
||